MARC

LEADER 00000nab a2200000 a 4500
001 vtls009333087
003 SK-MaSNL
005 20260318122252.0
008 080911c2008 xo wr p 000 c0ukr
015 |a SNBRB2008/09 
038 |a SVKPOCL 
040 |a SVKPOCL  |b slo  |c SVKPOCL  |e AACR2 
041 0 |a ukr 
044 |a xo  |c SK 
080 |a 353(437.642:477)  |2 2001 
080 |a 316.4.063.34(437.642:477)  |2 2001 
100 1 |a Tokač, Petro  |4 aut  |9 1569972 
245 1 0 |a Novi vymiry spivpraci  |c Petro Tokač, Počesnyj konsul Ukrajiny 
300 |b Fotogr. 
610 1 7 |a Banskobystrický samosprávny kraj (Slovensko).  |b Úrad  |2 svkpocl  |9 31594 
610 2 7 |a Ľvivs'ka oblasna deržavna administracija (Ukrajina)  |2 svkpocl  |9 1569973 
648 7 |a 15.4.2008  |2 svkpocl  |9 1287135 
650 0 7 |a samospráva  |2 svkpocl  |9 4165 
650 0 7 |a medzinárodná spolupráca  |2 svkpocl  |9 4911 
651 7 |a Banskobystrický samosprávny kraj (Slovensko)  |2 svkpocl  |9 56315 
651 7 |a Ľvov (Ukrajina)  |2 SNKPHgeo  |9 29383 
651 7 |a Banská Bystrica (Slovensko)  |2 svkpocl  |9 22015 
655 7 |a dohody  |2 svkpocl  |9 1035535 
773 0 |t Nove žyttja  |g Roč. 58, č. 19-20 (2008), s. 1 
852 |a SVKPO  |b KIS3GCP 
958 |a UK 
958 |a SK 
958 |a UA 
999 |c 3200370  |d 3202300